000 002680000a22000970004500
100 1 _aMonsma, Timothy
245 1 0 _aUrbanization : Now and at the turn of the millennium
300 _aVol 16, Núm 58 (1989), Páginas 28-30
773 0 _tWorld Evangelization
942 _cANA
999 _c57906
_d57906